CARDIAC functioning disorders challenges and therapies
Kaydedildi:
| Materyal Türü: | Kitap |
|---|---|
| Dil: | İngilizce |
| Baskı/Yayın Bilgisi: |
Jaypee Brothers Medical Publisers
2013.
|
| Etiketler: |
Etiketle
Etiket eklenmemiş, İlk siz ekleyin!
|
MARC
| LEADER | 00000nam a22000007a 4500 | ||
|---|---|---|---|
| 008 | 210915b ||||| |||| 00| 0 eng d | ||
| 020 | |a 9789350903063 | ||
| 245 | |a CARDIAC functioning disorders challenges and therapies |c Edited by ; Mahira Parveen |g xiii,266p: ill. | ||
| 260 | |b Jaypee Brothers Medical Publisers |c 2013. |d Book. |h New Delhi. |i 697092 |i 697093 |l RC 667.C21 |m Cardiovascular system-Disease- Diagnosis. |m Cardiovascular System . |m Medcine | ||
| 500 | |a "It includes index and bibliography". | ||
| 942 | |a lcc |c BK |e Olagoke,M.A. |f 15/09/2021 | ||
| 952 | |0 0 |1 0 |2 lcc |4 0 |7 0 |9 3573 |a HOL |b ML |c QZ |d 2021-09-15 |o RC 667.C21. |p 2021-67312 |r 2021-09-15 00:00:00 |t 967092 |w 2021-09-15 |y BK | ||
| 952 | |0 0 |1 0 |2 lcc |4 0 |7 0 |9 3574 |a HOL |b HOL |c QZ |d 2021-09-15 |o RC 667.C21. |p 2021-67313 |r 2021-09-15 00:00:00 |t 697093 |w 2021-09-15 |y BK | ||
| 999 | |c 1770 |d 1770 | ||